MARC details
| 000 -LEADER |
| fixed length control field |
02551nam a22003977a 4500 |
| 003 - CONTROL NUMBER IDENTIFIER |
| control field |
KnowledgeUnlatched |
| 005 - DATE AND TIME OF LATEST TRANSACTION |
| control field |
20210303104747.0 |
| 006 - FIXED-LENGTH DATA ELEMENTS--ADDITIONAL MATERIAL CHARACTERISTICS |
| fixed length control field |
m o d |
| 007 - PHYSICAL DESCRIPTION FIXED FIELD--GENERAL INFORMATION |
| fixed length control field |
cr u|||||||||| |
| 008 - FIXED-LENGTH DATA ELEMENTS--GENERAL INFORMATION |
| fixed length control field |
210129p20192020xx o u00| u eng d |
| 037 ## - SOURCE OF ACQUISITION |
| Institution to which field applies |
BiblioBoard |
| 020 ## - INTERNATIONAL STANDARD BOOK NUMBER |
| International Standard Book Number |
9789286142284 |
| 024 8# - OTHER STANDARD IDENTIFIER |
| Standard number or code |
https://doi.org/10.2867/865818 |
| 029 1# - OTHER SYSTEM CONTROL NUMBER (OCLC) |
| OCLC library identifier |
https://library.biblioboard.com/ext/api/media/2e16cf50-03f0-4e77-b7fc-8ec393b74e0e/assets/thumbnail.jpg |
| 040 ## - CATALOGING SOURCE |
| Original cataloging agency |
ScCtBLL |
| Transcribing agency |
ScCtBLL |
| 100 1# - MAIN ENTRY--PERSONAL NAME |
| Personal name |
Revoltella, Debora |
| Relator term |
author. |
| 245 00 - TITLE STATEMENT |
| Title |
EIB Working Papers 2019/02 - How energy audits promote SMEs' energy efficiency investment |
| Statement of responsibility, etc. |
Debora Revoltella, European Investment Bank, Fotios Kalantzis. |
| Number of part/section of a work |
Volume 2019/2 |
| 264 #1 - PRODUCTION, PUBLICATION, DISTRIBUTION, MANUFACTURE, AND COPYRIGHT NOTICE |
| Name of producer, publisher, distributor, manufacturer |
European Investment Bank, |
| 300 ## - PHYSICAL DESCRIPTION |
| Extent |
1 online resource (1 p.) |
| 490 1# - SERIES STATEMENT |
| Series statement |
EIB Working Papers |
| 506 0# - RESTRICTIONS ON ACCESS NOTE |
| Terms governing access |
Access copy available to the general public. |
| Standardized terminology for access restriction |
Unrestricted |
| Source of term |
star |
| 520 ## - SUMMARY, ETC. |
| Summary, etc. |
Energy audits play an important role in promoting energy-efficiency measures in SMEs. This paper uses EIB Investment Survey data about energy audits and energy-efficiency investments of some 12,500 signatures from EU28 Member States per year. It suggests that: Energy audits are a useful tool for overcoming the information barriers and facilitating investments in energy-efficiency measures They are more important for small firms and for investments in things such as such as lighting, wall insulation etc. than in production processes such as the replacement of machinery and equipment The beneficial impact of energy audits ceases to exist, however, when firms are finance constrained Information campaigns are one of the most efficient available instruments among other instruments (regulatory, financial and voluntary agreements) for promoting energy audits in SMEs. |
| 588 0# - SOURCE OF DESCRIPTION NOTE |
| Source of description note |
Description based on print version record. |
| 590 ## - LOCAL NOTE (RLIN) |
| Local note |
KU Open Services |
| 650 #7 - SUBJECT ADDED ENTRY--TOPICAL TERM |
| Topical term or geographic name entry element |
Business & Economics / Finance |
| Source of heading or term |
bisacsh |
| 650 #0 - SUBJECT ADDED ENTRY--TOPICAL TERM |
| Topical term or geographic name entry element |
Economics |
| 655 #0 - INDEX TERM--GENRE/FORM |
| Genre/form data or focus term |
Electronic books. |
| 700 1# - ADDED ENTRY--PERSONAL NAME |
| Personal name |
European Investment Bank |
| Relator term |
editor. |
| 700 1# - ADDED ENTRY--PERSONAL NAME |
| Personal name |
Kalantzis, Fotios |
| Relator term |
author. |
| 758 ## - |
| -- |
Is found in: |
| -- |
Knowledge Unlatched |
| -- |
https://openresearchlibrary.org/module/2774bc74-146a-484f-a7ba-ab1d6a09bbfb |
| 830 0# - SERIES ADDED ENTRY--UNIFORM TITLE |
| Uniform title |
EIB Working Papers |
| 856 40 - ELECTRONIC LOCATION AND ACCESS |
| Uniform Resource Identifier |
<a href="https://openresearchlibrary.org/content/2e16cf50-03f0-4e77-b7fc-8ec393b74e0e">https://openresearchlibrary.org/content/2e16cf50-03f0-4e77-b7fc-8ec393b74e0e</a> |
| Public note |
View this content on Open Research Library. |
| -- |
0 |